Lanean...
Maple and mathematica: a problem solving approach for mathematics/
| Egile nagusia: | |
|---|---|
| Beste egile batzuk: | |
| Formatua: | Printed Book |
| Hizkuntza: | English |
| Argitaratua: |
Springer,
2007.
|
| LEADER | 00450nam a2200121Ia 4500 | ||
|---|---|---|---|
| 008 | 120707s9999 xx 000 0 eng d | ||
| 100 | |a Shingareva, Inna | ||
| 245 | 0 | |a Maple and mathematica: a problem solving approach for mathematics/ | |
| 260 | |b Springer, |c 2007. | ||
| 700 | 1 | |a Lizarraga, C.C. | |
| 942 | |c BK | ||
| 999 | |c 134084 |d 134084 | ||
| 952 | |0 0 |1 0 |4 0 |6 68_000000000000000_SHI |7 0 |9 148356 |a MAT |b MAT |c ST1 |d 2012-07-10 |i 5044 |l 0 |o 68 SHI |p MAT5044 |r 2013-08-01 |w 2013-08-01 |y BK | ||